MARC details
| 000 -LEADER |
| campo de control de longitud fija |
02463nam a2200397 i 4500 |
| 001 - NÚMERO DE CONTROL |
| campo de control |
196264 |
| 003 - IDENTIFICADOR DE NÚMERO DE CONTROL |
| campo de control |
ES-MaACL |
| 005 - FECHA Y HORA DE LA ÚLTIMA TRANSACCIÓN |
| campo de control |
20250720091911.0 |
| 008 - DATOS DE LONGITUD FIJA--INFORMACIÓN GENERAL |
| campo de control de longitud fija |
240823s2004 sp | ||| ||spa |
| 016 7# - NÚMERO DE CONTROL DE UNA AGENCIA BIBLIOGRÁFICA NACIONAL |
| Número de control del registro |
bimoBNE20040690353 |
| Fuente |
SpMaBN |
| 017 ## - NÚMERO DE COPYRIGHT O DE DEPÓSITO LEGAL |
| Número de copyright o de depósito legal |
M 23896-2004 |
| Agencia que asigna |
Oficina Depósito Legal Madrid |
| 020 ## - NÚMERO INTERNACIONAL ESTÁNDAR DEL LIBRO |
| Número Internacional Estándar del Libro |
8496049507 |
| 035 ## - NÚMERO DE CONTROL DEL SISTEMA |
| Número de control de sistema |
(OCoLC)432944271 |
| 035 ## - NÚMERO DE CONTROL DEL SISTEMA |
| Número de control de sistema |
(SpMaBN)bimo0001958511 |
| 035 ## - NÚMERO DE CONTROL DEL SISTEMA |
| Número de control de sistema |
991016145519708606 |
| 040 ## - FUENTE DE CATALOGACIÓN |
| Centro catalogador/agencia de origen |
SpMaBN |
| Lengua de catalogación |
spa |
| Centro/agencia transcriptor |
SpMaBN |
| Normas de descripción |
rdc |
| Centro/agencia modificador |
ES-MaACL |
| 080 ## - NÚMERO DE LA CLASIFICACIÓN DECIMAL UNIVERSAL |
| Número de la Clasificación Decimal Universal |
821.134.2-23"19" |
| 100 1# - ENTRADA PRINCIPAL--NOMBRE DE PERSONA |
| Nombre de persona |
Lucía Megías, José Manuel, |
| Fechas asociadas al nombre |
1967- |
| Término indicativo de función/relación |
Autor |
| 9 (RLIN) |
240291 |
| 245 10 - MENCIÓN DEL TÍTULO |
| Título |
Prometeo condenado / |
| Mención de responsabilidad, etc. |
José Manuel Lucía Megías. |
| 250 ## - MENCION DE EDICION |
| Mención de edición |
1ª ed. |
| 260 ## - PUBLICACIÓN, DISTRIBUCIÓN, ETC. |
| Lugar de publicación, distribución, etc. |
Madrid; |
| Nombre del editor, distribuidor, etc. |
Calambur, |
| Fecha de publicación, distribución, etc. |
2004. |
| 300 ## - DESCRIPCIÓN FÍSICA |
| Extensión |
87 p. : |
| Dimensiones |
23 cm. |
| 336 ## - TIPO DE CONTENIDO |
| Fuente |
rdacontent |
| Término de tipo de contenido |
texto |
| 337 ## - TIPO DE MEDIO |
| Fuente |
rdamedia |
| Nombre/término del tipo de medio |
sin mediación |
| 338 ## - TIPO DE SOPORTE |
| Fuente |
rdacarrier |
| Nombre/término del tipo de soporte |
volumen |
| 490 1# - MENCIÓN DE SERIE |
| Mención de serie |
Calambur poesía ; |
| Designación de volumen o secuencia |
47 |
| 520 ## - RESUMEN, ETC. |
| Sumario, etc. |
Prometeo condenado no es la recreación de un mito clásico, es la metáfora de nuestro propio mundo occidental, próspero y egoísta, que nos encadena y termina por transformarnos en el águila que al amanecer se alimenta con los restos de nuestras entrañas. Prometeo condenado nos enfrenta a un espejo de avidez, de silencios, de vendas con las que cubrimos nuestros ojos para no ver más allá de nuestra arrogancia. Prometeo permanece encadenado a una roca. ¿Venganza del nuevo dios o consecuencia de su soberbia? Una noche transcurre ante sus ojos llenos de preguntas. Prometeo permanece encadenado a una roca solo. Acompañado por las voces de las Oceánidas por el sueño de encuentros nocturnos por la visita de hombres y mujeres que huyen, que se han quedado sin tierra, que han visto morir sus entrañas. Y Prometeo, desde su roca, parece que les habla, que conversa, pero calla, porque Prometeo +como nosotros+ no entiende el mundo que le ha tocado vivir. El mundo que se ofreció de luz en las promesas del nuevo dios. |
| 655 #7 - TERMINO DE INDIZACIÓN--GENERO/FORMA |
| Fuente del término |
tgfbne |
| 9 (RLIN) |
176539 |
| Datos o término principal de género/forma |
Poesías |
| 830 #0 - PUNTO DE ACCESO ADICIONAL DE SERIE-TÍTULO UNIFORME |
| 9 (RLIN) |
182221 |
| Título uniforme |
Calambur poesía ; |
| Designación de volumen o secuencia |
47 |
| 852 ## - LOCALIZACIÓN |
| Ubicación |
ES-MaACL |
| Sublocalización o colección |
R.154451 |
| Ubicación en estantería |
Depósito J |
| Número de control de estantería |
N-9318 |
| Donativo/Legado |
Donación: José Manuel Lucía Megías |
| Encuadernación |
Encuadernación rústica con solapas |
| itemnumber |
205389 |
| 903 ## - NOMBRE PERSONAL DE DONANTE |
| a |
Lucía Megías, José Manuel, |
| d |
1967- |
| e |
Donante |
| 9 |
240291 |
| 942 ## - ELEMENTOS DE ENTRADA SECUNDARIOS (KOHA) |
| Tipo de ítem Koha |
Libro impreso |
| Suprimir en OPAC |
No |